Statistics for 10 Southernmost Major Cities of the U.S.

Click here to take the quiz!

General Stats

  • This quiz has been taken 47 times
    (26 since last reset)
  • The average score is 8 of 10

Answer Stats

RankLatitudeCity% Correct
225.78Miami
100%
829.79Houston
95%
527.97Tampa
95%
121.32Honolulu
89%
729.47San Antonio
89%
1030.30Austin
84%
930.05New Orleans
84%
628.42Orlando
79%
327.75Corpus Christi
42%
427.76St. Petersburg
37%

Score Distribution

Percentile by Number Answered

Percent of People with Each Score

Your Score History

You have not taken this quiz since the last reset